000 00442nam a2200181Ia 4500
008 151202s9999||||xx |||||||||||||| ||und||
082 _bPNVM-83113
100 _aSTINE . L.R.
245 4 _aThe Ghost Next Door.
260 _bSCHOLASTIC PRESS NEW YORK.
260 _c1993
300 _a124
600 _aSTINE . L.R.
630 _aThe Ghost Next Door.
700 _aSTINE . L.R.
730 _aThe Ghost Next Door.
942 _cBOOK
999 _c1347833
_d1347830